000 00880nam a2200241 a 4500
001 000047648
003 DO-SdBNP
005 20230221131415.0
007 ta
008 180709s2011 000 spa d
040 _aDO-SdBNP
_bspa
_cBNPHU
082 4 _222
111 2 _aFestival Internacional de la Poesía de Santo Domingo
_n(3er. :
_d2011 : 19-23 octubre
_cSanto Domingo)
_975259
245 0 0 _aIII Festival internacional de la poesía :
_bprograma /.
246 0 0 _atercer festival internacional de la poesía
260 _aSanto Domingo,República Dominicana :
_bMinisterio de Cultura,
_c2011.
300 _a28 p. ;
_c24 cm.
500 _aDedicado a Manuel del Cabral
500 _a¡De este lado del mar la poesía florece!
500 0 _aIncluye notas bibliográficas de los poetas participantes participantes
590 _aInventariado, 2019/VM
942 _2ddc
_cLBS1
999 _c47136
_d47136